| 000 | 00393 a2200157 4500 | ||
|---|---|---|---|
| 001 | 186099 | ||
| 020 | _a978-85-7827-790-1 | ||
| 040 | _cMagnum | ||
| 100 | _aLewis, C.s. | ||
| 240 | 1 | 0 |
_aAs crônicas de nárnia: o sobrinho do mago _lpor |
| 245 | 1 | 0 | _aAs crônicas de nárnia: o sobrinho do mago |
| 300 | _a184 | ||
| 362 | 0 | _a2014 | |
| 697 | _aLITERATURA JUVENIL ESTRANGEIRA | ||
| 942 | _cBK | ||
| 999 |
_c186099 _d186099 |
||